Aftermath of the Achille Lauro incident : hearing and markup before the Committee on Foreign Affairs and its Subcommittee on International Operations, House of Representatives, Ninety-ninth Congress, first session, on H. Con. Res. 228, October 30, November 6, 7, 1985.

Bibliographic Details
Corporate Authors: United States. Congress. House. Committee on Foreign Affairs, ProQuest (Firm), United States. Congress. House. Committee on Foreign Affairs. Subcommittee on International Operations
Format: Government Document eBook
Language:English
Published: Washington : U.S. G.P.O., 1986.
Series:U.S. Congressional Hearings.
Subjects:
Online Access:Connect to the full text of this electronic book

MARC

Tag First Indicator Second Indicator Subfields
LEADER 00000cam a22000001a 4500
001 in00003217513
006 m d f
007 cr bn mmmapmmp
008 091020s1986 dcua o f000 0 eng d
005 20260511210410.1
035 |a cis2007450426 
040 |a UMI  |c UMI  |d UtOrBLW 
043 |a n-us--- 
074 |a 1017-A, 1017-B (microfiche) 
086 0 |a Y 4.F 76/1:Ac 4 
099 |a HRG-1985-FOA-0056 
110 1 |a United States.  |b Congress.  |b House.  |b Committee on Foreign Affairs. 
245 1 0 |a Aftermath of the Achille Lauro incident :  |b hearing and markup before the Committee on Foreign Affairs and its Subcommittee on International Operations, House of Representatives, Ninety-ninth Congress, first session, on H. Con. Res. 228, October 30, November 6, 7, 1985. 
264 1 |a Washington :  |b U.S. G.P.O.,  |c 1986. 
300 |a 1 online resource. 
336 |a text  |b txt  |2 rdacontent 
337 |a computer  |b c  |2 rdamedia 
338 |a online resource  |b cr  |2 rdacarrier 
500 |a Record is based on bibliographic data in ProQuest Congressional Hearings Digital Collection. Reuse except for individual research requires license from ProQuest, LLC. 
538 |a System requirements: PDF reader software. 
500 |a Electronic resource. 
610 2 0 |a Achille Lauro (Ship) 
650 0 |a Terrorism  |x Government policy  |z United States. 
651 0 |a United States  |x Foreign relations  |y 1981-1989. 
655 7 |a Electronic books.  |2 local 
710 2 |a ProQuest (Firm) 
710 1 |a United States.  |b Congress.  |b House.  |b Committee on Foreign Affairs.  |b Subcommittee on International Operations. 
776 0 8 |i Print version:  |a United States. Congress. House. Committee on Foreign Affairs  |t Aftermath of the Achille Lauro incident  |w (OCoLC)13221278  |w gp 86010736 
776 0 8 |i Microfiche version:  |a United States. Congress. House. Committee on Foreign Affairs  |t Aftermath of the Achille Lauro incident.  |d [Bethesda, Md.] : ProQuest,[2004]  |o CIS 86 H381-21  |w (ProQuest)cis08600704 
830 0 |a U.S. Congressional Hearings. 
856 4 0 |u http://proxy.library.tamu.edu/login?url=https://congressional.proquest.com/congcomp/getdoc?HEARING-ID=HRG-1985-FOA-0056  |z Connect to the full text of this electronic book  |t 0 
998 |a cis08600704 
999 |a MARS 
999 f f |s 1b2f1c50-6d0e-3040-8c44-448bf9e00ca9  |i 9c2ee948-eb28-34c3-9901-ecd66b029515  |t 0 
952 f f |a Texas A&M University  |b College Station  |c Electronic Resources  |s www_evans  |d Available Online  |t 0  |e HRG-1985-FOA-0056  |h Other scheme 
998 f f |a HRG-1985-FOA-0056  |t 0  |l Available Online